000 00937nam a2200277Ia 4500
003 OSt
005 20220927111501.0
006 a|||||r|||| 00| 0
007 ta
008 220926b |||||||| |||| 00| 0 eng d
020 _a922106297X
024 _a85220
037 _cReports
040 _aRTL
_cRTL
_beng
041 _2eng
_aeng
082 _a"X9(E):9, M7"
110 _a"International Labour Organization, Asian And Pacific Regional Centre For Labour Administration"
_9382175
245 0 _aLabour inspection and its role in improving safety health with particular to chemical
260 _aBangkok
_bInternational Labour Organization
_c1987
300 _a189p
_ccm.
500 _aAppendix P 141-89
650 _aElectrical
700 _a"International Labour Organization, Asian And Pacific Regional Centre For Labour Administration"
_9382176
942 _h"X9(E):9, M7"
_cCC
999 _c699180
_d699180